| 000 | 00536nam a2200193Ia 4500 | ||
|---|---|---|---|
| 999 |
_c11236 _d11236 |
||
| 003 | OSt | ||
| 005 | 20191226100037.0 | ||
| 008 | 190216s9999||||xx |||||||||||||| ||und|| | ||
| 020 | _a9788122433807 | ||
| 040 | _coclc | ||
| 082 |
_a519.5 _bAGA/B |
||
| 100 |
_aAgarwal, B L _9764 |
||
| 245 | 0 |
_aBasic Statistics / _cB L Agarwal |
|
| 250 | _a6th ed. | ||
| 260 |
_bNew Age International Publishers, _c2013. _aNew Delhi: |
||
| 300 | _a808p | ||
| 650 | _aStatistics | ||
| 942 |
_cBK _2ddc _h519.5 _iAGA/B _k519.5 _mAGA/B |
||